Carregant...

Svetasvatara Upanishad

Dades bibliogràfiques
Altres autors: Saravananda Swami
Format: Printed Book
Publicat: Mylapore: Sri Ramakrishna math, 2009
Matèries:
LEADER 00458nam a22001457a 4500
020 |a 9788171205042 
082 |a 294.592 18  |b SVE 
245 |a Svetasvatara Upanishad 
260 |a Mylapore:  |b Sri Ramakrishna math,  |c 2009 
300 |a 35p. 
650 |a Hinduism  |a Religion 
700 |a Saravananda Swami 
942 |c BK 
999 |c 38261  |d 38261 
952 |0 0  |1 0  |4 0  |6 294_592000000000000_18_SVE  |7 0  |8 Stack  |9 40504  |a KUCL  |b KUCL  |c H  |d 2016-02-08  |l 0  |o 294.592 18 SVE  |p 34928  |r 2016-02-08  |y BK